Poulets de fiction - Statistiques

Statistiques générales
  • Ce quiz a été pris 39 fois
    7 depuis la dernière actualisation
  • Le résultat moyen est 4 sur 10
Statistiques - réponses
Par images Hint Réponse % Correct
Coupe du monde 98 Footix
83%
The legend of Zelda Cocottes
50%
Vaiana Heihei
50%
Les p'tites poules Carmelito et Carmen
33%
Disney Chicken Little
33%
Chicken Run Ginger
33%
Pokémon Poussifeu
33%
Looney Toons Charlie le Coq
17%
Angry Birds Matilda
17%
Moi, Moche et Méchant 2 Pouleto
17%
Aucun quiz correspondant
Distribution des résultats
% des personnes avec chaque résultat
Percentile par nombre de réponses
Votre historique - résultats
Vous n’avez pas pris ce quiz depuis la dernière actualisation